MARC

LEADER 00000nam^a2200000^a^4500
001 000183832
005 20250521000000.0
009 20260310102054.759
037 |a Acervo ITESO - Biblioteca 
041 |a ESP 
090 |a RID. 241 
100 |a Cabrera Serratos, Verónica  |e (autor) 
245 1 0 |a Perfil del profesor de asignatura en el ITESO /  |c V. Cabrera Serratos. 
264 |a Guadalajara, México :  |b edición de autor,  |c 2005 
300 |a 1 disco compacto de computadora 
336 |a datos para computadora  |b cod  |2 rdacontenido 
337 |a computadora  |b c  |2 rdamedio 
338 |a disco de computadora  |b cd  |2 rdasoporte 
502 |a ITESO Reporte de Servicio Social de Licenciatura en Relaciones Industriales 
610 |a ITESO 
649 |a XX 
650 |a Jesuitas en la Educación 
650 |a Profesores 
650 |a Personal Escolar 
650 |a Académicos 
650 |a Educadores 
650 |a Perfil Profesional del Profesor 
650 |a Formación y Capacitación de Profesores 
650 |a Desarrollo Profesional 
650 |a Pedagogía Ignaciana 
650 |a Universidades Privadas -  |z Guadalajara, Jalisco 
650 |a Universidades Privadas -  |z Jalisco 
650 |a Universidades Privadas -  |z México 
650 |a Universidades Católicas -  |z Guadalajara, Jalisco 
650 |a Universidades Católicas -  |z Jalisco 
650 |a Universidades Católicas -  |z México 
650 |a Instituciones Educativas -  |z Guadalajara, Jalisco 
650 |a Instituciones Educativas -  |z Jalisco 
650 |a Instituciones Educativas -  |z México 
650 |a Educación Privada -  |z Guadalajara, Jalisco 
650 |a Educación Privada -  |z Jalisco 
650 |a Educación Privada -  |z México 
650 |a Educación Superior -  |z Guadalajara, Jalisco 
650 |a Educación Superior -  |z Jalisco 
650 |a Educación Superior -  |z México 
910 |a Fondo General 
920 |a Electrónicos - Tesis del ITESO en Disco 
905 |a 202 
901 |a 0500124455  |b IT2  |c STS  |u 20250521 
902 |a https://opac.biblio.iteso.mx/vufind/Record/000183832